| 000 | 00742nam a2200217 a 4500 | ||
|---|---|---|---|
| 001 | 12922 | ||
| 003 | BD-JhCC | ||
| 005 | 20230604194848.0 | ||
| 008 | 230604s2021 b |||| |||| 000 0 b d | ||
| 035 | _a(BD-JhCC)12922 | ||
| 040 |
_aBD-JhCC _dBD-JhCC |
||
| 041 | _aben | ||
| 082 |
_a297.74 _bSHA 2021 |
||
| 100 | _aশাদী, খালিদ আবূ | ||
| 245 |
_aঅলসতা : জীবনের শত্রু / _cখালিদ আবূ শাদী; সাদিক ফারহান (অনু.) |
||
| 260 |
_aঢাকা : _bসন্দীপন, _c২০২১ |
||
| 300 |
_a১৪১ পৃ. : _c২১ সেমি. |
||
| 650 | _aDawah---Islam | ||
| 700 | _aফারহান, সাদিক | ||
| 942 |
_2ddc _cBK |
||
| 999 |
_c12922 _d12922 |
||